000
00344nam a22001577a 4500
005
20260127165945.0
008
160701b xxu||||| |||| 00| 0 eng d
041
_a
eng
082
_a
006.6
100
_a
xiang Zhigang
_9
164
245
_a
Computer graphics
260
_b
TMH
300
_a
341
650
_a
Information Technology
942
_c
BK
999
_c
5052
_d
5050